Представление документа в формате RUSMARC

ПолеНазваниеЗначение
  Тип записи a
  Библиографический уровень m
001 Контрольный номер RU\NLR\bibl\1865101
005 Дата корректировки 20250530162412.1
010 Индекс ISBN __
a ISBN 978-5-699-54081-5
d Цена 330-00
100 Данные общей обработки __
a Данные общей обработки 19120206d2012 |||y0rusy0189 ca
101 Язык документа 1_
a Язык текста rus
c Язык оригинала ger
102 Страна публикации __
a Страна публикации RU
105 Кодированные данные (монография) __
a Кодированные данные (монография) a |||||||zy
200 Заглавие и сведения об ответственности 1_
a Заглавие Счастье выбирает тебя
f Первые сведения об ответственности [Эккарт фон Хиршхаузен ; пер. с нем. А. Глебовой]
b Общее обозначение материала Текст
210 Выходные данные 1_
a Место издания М.
c Издательство ЭКСМО
d Дата издания 2012
215 Физическое описание __
a Объем 365, [2] с.
c Иллюстрации/тип воспроизводства ил.
d Формат 19
225 Серия 2_
a Серия Абсолютный бестселлер в Европе
300 Общие примечания __
a Общие примечания Авт. указ. в вып. дан. и на об. тит. л.
330 Аннотация __
a Аннотация Эта книга - самый полный на сегодня путеводитель по счастью для всех и на все случаи жизни. Ее автор, в прошлом врач и артист комедийного жанра, а ныне - популярный писатель, предлагает вам «прокатиться» по всем аспектам своей жизни: любовь и семья, работа и деньги, здоровье и самооценка. Путешествуя по страницам книги, вы зарядитесь легким отношением к жизни и сможете по-новому взглянуть на все, что так долго мешало вам считать себя абсолютно счастливым человеком. Великолепный подарок для мужчин и женщин к любому празднику.
606 Тематические рубрики __
a Основная рубрика Психология
2 Код системы nlr_sh
606 Тематические рубрики __
a Основная рубрика Социальная психология
2 Код системы nlr_sh
610 Ключевые слова 0_
a Ключевые слова счастье; психология счастья; психология семейных отношений; психология семьи; успешность; психология успешности; гармония (психология)
686 Индексы других классификаций __
a Классификационный индекс 88.532
2 Код системы rubbks
700 Автор _1
a Фамилия Хиршхаузен
b Имя Э. фон
g Полное личное имя Эккарт фон
4 Код отношения 070
702 Вторичная интеллектуальная ответственность _1
a Фамилия Глебова
b Имя А.
4 Код отношения Переводчик
4 Код отношения 730
801 Источник записи _0
a Страна RU
b Организация Муниципальное бюджетное учреждение культуры "Централизованная библиотечная система" г. Сургут (Центральная городская библиотека им. А. С. Пушкина)
c Дата составления 20120206
g Правила каталогизации PSBO
801 Источник записи _1
a Страна RU
b Организация Муниципальное бюджетное учреждение культуры "Централизованная библиотечная система" г. Сургут (Центральная городская библиотека им. А. С. Пушкина)
c Дата составления 20120206
g Правила каталогизации PSBO
852 Данные о местонахождении __
j Шифр хранения 88.532
i Авторский знак Х 50
c Каталожный индекс 88.5
901 Тип документа __
t Тип документа m
a Ответственный КиК/Котельникова
903 Характеристики (МАРС) __
a Дата передачи 20120726
c Наименование библиотеки (МАРС) Муниципальное бюджетное учреждение культуры "Централизованная библиотечная система" г. Сургут (Центральная городская библиотека им. А. С. Пушкина)
990 Данные о заказе (DOS) __
j Количество экземпляров (DOS) 6
t N записи в КСУ для И/У (DOS) 201208